000 00411 a2200145 4500
005 20250605161536.0
020 _a0-538-84741-7
082 _aTEA LECT 658.15 LEV
100 _aLEVY, H.
245 _aPrinciples of Corporate Finance
260 _aOhio,
_bSouth-Western publishing ,
_c1998.
300 _axxviii, 871p.: Ill.;figures & table.
_bIndex
_c24cm.
700 _aALDERSON, M. J.
942 _2ddc
_cBKS
999 _c3252
_d3252